000 01400nam a2200337 c 4500
001 15297
003 ES-MaCES
005 20141221122347.0
008 030710s2003 sp abd t o100 | spa d
017 _aM 18269-2003
_bDL
020 _a8449105722
024 7 _a251-03-009-9
_2nipo
035 _aCES20030009852m
040 _aES-MaCES
_bspa
_cES-MaCES
111 2 _aJornadas sobre Reservas Marinas
_n1
_d2001
_cCabo de Gata, Almería
_9811
245 1 0 _aActas de las I Jornadas sobre Reservas Marinas y I Reunion de la Red Ibérica de Reservas Marinas (RIRM)
_b: Cabo de Gata, Almería, 17-23 de septiembre de 2001
_ceditores Diego Moreno y Antonio Frías
260 _a[Madrid
_bMinisterio de Agricultura, Pesca y Alimentación, Secrataría General de Pesca Marítima
_c2003]
300 _a169 p.
_bil., gráf., map.
_c24 cm
650 4 _apesca
_927611
650 4 _arecursos marinos
_928716
650 4 _arecursos naturales
_928718
650 4 _aconservación de los recursos
_928755
653 1 0 _aMedio ambiente
700 1 _aMoreno, Diego
_eed. lit.
_919071
700 1 _aFrías, Antonio
_eed. lit.
_912420
710 1 _aEspaña
_bSecretaría General de Pesca Marítima
_93392
711 2 _aReunión de la Red Iberoamericana de Reservas Marinas
_n1
_d2001
_cCabo de Gata, Almería
_9812
902 _aLIB Libro
942 _2CES
_cBK
_h4.2.
999 _c15297
_d15297